Objets en images par lettre - A - Statistiques

Statistiques générales
  • Ce quiz a été pris 551 fois
  • Le résultat moyen est 15 sur 20
Statistiques - réponses
Par images Réponse % Correct
Ampoule
100%
Assiette
100%
Allumette
99%
Armoire
99%
Agenda
98%
Arrosoir
98%
Aquarium
97%
Anneau
93%
Aimant
92%
Agrafeuse
90%
Album
88%
Aiguille
85%
Alarme
82%
Ardoise
82%
Abat-jour
54%
Assouplissant
40%
Amplificateur audio
38%
Attache
24%
Abattant
18%
Aiguisoir
5%
Aucun quiz correspondant
Distribution des résultats
% des personnes avec chaque résultat
Percentile par nombre de réponses
Votre historique - résultats
Vous n’avez pas pris ce quiz